| 000 | 01314nam a2200133Ia 4500 | ||
|---|---|---|---|
| 008 | 220615s9999||||xx |||||||||||||| ||und|| | ||
| 020 | _a9783040000000 | ||
| 245 | 0 | _aArchaeological Remote Sensing in the 21st Century: (Re)Defining Practice and Theory | |
| 546 | _aEnglish[eng] | ||
| 650 | _arelief mapping||visualization||blend modes||digital elevation model||airborne laser scanning||lidar||archaeological prospection||deep learning||citizen science||The Netherlands||archaeology||arid environments||satellite remote sensing||lithological mapping||lithic procurement||chert sourcing||Landsat 8||GIS||ALS||amplitude||radiometric calibration||reflectance||Sicily||transfer learning||historic mining||heritage management||LiDAR||hyperspectral data||submerged areas||cultural heritage monitoring||anomaly detection||MNF||radiative transfer model||Martin Heidegger||technology||mimesis||remote sensing archaeology||cultural context||archaeological remote sensing||satellite mission design||satellite archaeology||archaeological survey||cropmarks||empirical knowledge||alluvial sediments||geomorphological/pedological background||soil spatial infrastructure||statistical methods||n/a | ||
| 700 | _aVerhoeven, Geert||Cowley, Dave||Traviglia, Arianna | ||
| 856 | _uhttps://mdpi.com/books/pdfview/book/4243 | ||
| 942 | _cEB | ||
| 999 |
_c18740 _d18740 |
||